Anar al contingut

International Journal for Computational Civil and Structural Engineering. Volume 7, Issue 3, 2011 научный журнал

Журнал International Journal for Computational Civil and Structural Engineering является международным периодическим изданием, учредителями и издателями которого выступают Издательство Ассоциации строительных вузов (АСВ) /Россия, г. Москва/ и Издательство Begell House Inc. /США, г. Нью-Йорк/. В реда...

Descripció completa

Guardat en:
Dades bibliogràfiques
Format: Книга
Matèries:
Accés en línia:https://www.studentlibrary.ru/book/ASV7-3-2011.html
Etiquetes: Afegir etiqueta
Sense etiquetes, Sigues el primer a etiquetar aquest registre!
LEADER 02508nam a2200217 4500
001 book/ASV7-3-2011
005 20250903142001.0
100 |a 20180513c2011 u y0rusy50 ca 
101 | |a rus 
102 |a RU 
105 |a ||||||||000yy 
200 1 |a International Journal for Computational Civil and Structural Engineering. Volume 7, Issue 3, 2011  |e научный журнал 
210 1 |a Москва  |c АСВ  |d 2011 
215 |a   
330 |a Журнал International Journal for Computational Civil and Structural Engineering является международным периодическим изданием, учредителями и издателями которого выступают Издательство Ассоциации строительных вузов (АСВ) /Россия, г. Москва/ и Издательство Begell House Inc. /США, г. Нью-Йорк/. В редакционный совет журнала входят известные российские и зарубежные деятели науки и техники. Основной критерий отбора статей для публикации в журнале − их высокий научный уровень, соответствие которому определяется в ходе высококвалифицированного рецензирования и объективной экспертизы, поступающих в редакцию материалов. Журнал входит в Перечень ведущих рецензируемых научных журналов и изданий, в которых должны быть опубликованы основные научные результаты диссертаций. Журнал зарегистрирован в Федеральном агентстве по средствам массовой информации и охраны культурного наследия Российской Федерации. Индекс в общероссийском каталоге РОСПЕЧАТЬ − 18076. 
610 0 |a Строительные конструкции 
610 0 |a Техника и технологии строительства 
610 0 |a International Journal for Computational Civil and Structural Engineering 
801 0 |a RU  |b Geotar  |c 20180513  |g RCR  |2 rusmarc 
801 1 |a RU  |b Geotar  |c 20180513 
856 4 |u https://www.studentlibrary.ru/book/ASV7-3-2011.html